banner-ar

كيف تحافظين على صحتك وسلامة جسمك / (Record no. 64788)

MARC details
000 -الفاتح
حقل البيانات ثابتة الطول 00780nam a2200253Ia 4500
005 - وقت وتاريخ اخر تعامل مع التسجيلة
رقم الضبط 20240530110751.0
008 - عناصر البيانات ثابتة الطول - معلومات عامة
حقل البيانات ثابتة الطول 140319s9999 xx 000 0 ara d
040 ## - مصدر الفهرسة
وكالة الفهرسة الأصلية GCL /
وكالة النسخ GCL
082 04 - رقم تصنيف ديوى العشرى
رقم التصنيف 640 \
رقم المادة د ك
110 0# - المدخل الرئيسى - إسم هيئة
اسم الهيئة أو اسم السلطة كمدخل دار الراتب الجامعية
245 10 - بيان العنوان
العنوان كيف تحافظين على صحتك وسلامة جسمك /
بيان المسئوليه,etc دار الراتب
490 ## - بيان السلسلة
عنوان السلسلة عالم المرأه
رقم المجلد/ التعيين التسلسلي 0
650 04 - المدخل الاضافى بالموضوع-مصطلح موضوعى
مصطلح موضوعي الاقتصاد المنزلى
650 04 - المدخل الاضافى بالموضوع-مصطلح موضوعى
مصطلح موضوعي شغل الابرة
650 04 - المدخل الاضافى بالموضوع-مصطلح موضوعى
مصطلح موضوعي الاغذية
650 04 - المدخل الاضافى بالموضوع-مصطلح موضوعى
مصطلح موضوعي التعليم النسوى
650 04 - المدخل الاضافى بالموضوع-مصطلح موضوعى
مصطلح موضوعي الحلوى
650 04 - المدخل الاضافى بالموضوع-مصطلح موضوعى
مصطلح موضوعي تجميل المرأه
650 04 - المدخل الاضافى بالموضوع-مصطلح موضوعى
مصطلح موضوعي الطهى
700 1# - المدخل الاضافى - اسم شخصى
الإسم الشخصى هالة عمر
942 ## - عناصر المدخل الإضافي( كوها)
مصدر التصنيف او مخطط الترفيف Dewey Decimal Classification
Koha [default] item type كتاب
260 ## - PUBLICATION, DISTRIBUTION, ETC. (IMPRINT)
-- [S.N] :
-- دار الراتب الجامعية
Holdings
حالة التراجع حالة الفقد مصدر التصنيف او خطة الترفيف حالة تلف ليس للاعارة المكان المؤقت الموقع الحالى تاريخ الاكتساب اجمالي اﻻعارات رقم الطلب الباركود تاريخ اخر مشاهدة تاريخ تفعيل السعر نوع وعاء كوها
    ddc     مكتبة القاهرة الكبرى مكتبة القاهرة الكبرى 12/15/2018   640 \ د ك 165289 12/15/2018 12/15/2018 كتاب
    ddc     مكتبة القاهرة الكبرى مكتبة القاهرة الكبرى 12/15/2018   640 \ د ك 165290 12/15/2018 12/15/2018 كتاب
    ddc     مكتبة القاهرة الكبرى مكتبة القاهرة الكبرى 12/15/2018   640 \ د ك 165291 12/15/2018 12/15/2018 كتاب
    ddc     مكتبة القاهرة الكبرى مكتبة القاهرة الكبرى 12/15/2018   640 \ د ك 165292 12/15/2018 12/15/2018 كتاب
    ddc     مكتبة القاهرة الكبرى مكتبة القاهرة الكبرى 12/15/2018   640 \ د ك 165293 12/15/2018 12/15/2018 كتاب

Powered By

EGPV